[Event "C.to Europeo U16"]
[Site "Albena BUL"]
[Date "2011.09.12"]
[Round "2"]
[White "Anton Guijarro, David"]
[Black "Boscolo, Federico"]
[Result "1-0"]
[WhiteElo "2462"]
[BlackElo "2225"]
[PlyCount "41"]
[EventDate "2011.09.11"]

1. e4 c5 2. Nf3 d6 3. d4 cxd4 4. Nxd4 Nf6 5. Nc3 g6 6. Be3 Bg7 7. f3 O-O 8. Qd2
Nc6 9. Bc4 Bd7 10. Bb3 Na5 11. Bh6 Bxh6 12. Qxh6 b5 13. h4 Qb6 14. O-O-O b4 15.
Nd5 Nxb3+ 16. axb3 Nxd5 17. exd5 Qa5 18. Kb1 Qxd5 19. h5 g5 20. Rhe1 Qc5 21.
Rxe7 1-0

[Event "C.to Europeo U16"]
[Site "Albena BUL"]
[Date "2011.09.13"]
[Round "3"]
[White "Boscolo, Federico"]
[Black "Elbaum, Almog"]
[Result "1-0"]
[WhiteElo "2225"]
[BlackElo "2051"]
[PlyCount "117"]
[EventDate "2011.09.11"]

1. e4 e6 2. d4 d5 3. Nd2 c5 4. exd5 Qxd5 5. Ngf3 cxd4 6. Bc4 Qd6 7. O-O Nf6 8.
Nb3 Nc6 9. Nbxd4 Nxd4 10. Nxd4 a6 11. Re1 Qc7 12. Bb3 Bd6 13. h3 O-O 14. Bg5
Bh2+ 15. Kh1 Be5 16. c3 Rd8 17. Qf3 Bxd4 18. cxd4 Rxd4 19. Bxf6 gxf6 20. Qxf6
Qf4 21. Qxf4 Rxf4 22. Red1 b6 23. Rac1 Bb7 24. Kg1 Rb4 25. Rc7 Be4 26. Rdd7 Bg6
27. Rd2 Re4 28. Bd1 Re5 29. Bf3 Rb8 30. b3 a5 31. g3 Rc5 32. Rxc5 bxc5 33. Rd7
Bb1 34. Bh5 Rf8 35. a3 Bc2 36. Rb7 Kg7 37. f4 Kf6 38. Kf2 a4 39. bxa4 Bxa4 40.
Rc7 Bc2 41. Rxc5 Bg6 42. Bxg6 hxg6 43. a4 Rb8 44. Rc2 Ra8 45. Ra2 Ra5 46. h4
Kg7 47. Kf3 Kh6 48. g4 f5 49. g5+ Kh5 50. Kg3 e5 51. fxe5 Rxe5 52. a5 Re3+ 53.
Kf4 Re4+ 54. Kf3 Kxh4 55. a6 Re8 56. a7 Ra8 57. Kf4 Kh3 58. Ra1 Kh2 59. Kf3 1-0

[Event "C.to Europeo U16"]
[Site "Albena BUL"]
[Date "2011.09.14"]
[Round "4"]
[White "Pardo Simon, David"]
[Black "Boscolo, Federico"]
[Result "1-0"]
[WhiteElo "2422"]
[BlackElo "2225"]
[PlyCount "117"]
[EventDate "2011.09.11"]

1. e4 c5 2. Nf3 d6 3. d4 cxd4 4. Nxd4 Nf6 5. Nc3 g6 6. Bc4 Bg7 7. O-O O-O 8.
Re1 Nc6 9. Nb3 a6 10. a4 Ne5 11. Bf1 Bg4 12. f3 Be6 13. Nd5 Rc8 14. a5 Bxd5 15.
exd5 Qc7 16. c3 Nc4 17. Ra4 b5 18. axb6 Nxb6 19. Ra5 Rb8 20. Kh1 Rb7 21. Bf4
Nc4 22. Rc5 Qb6 23. Rxc4 Qxb3 24. Bc1 Qxd1 25. Rxd1 Nd7 26. Rc6 Ra8 27. Rxa6
Rxa6 28. Bxa6 Ra7 29. Bb5 Ra1 30. Rg1 Nb6 31. c4 Na4 32. Bg5 Rxg1+ 33. Kxg1
Bd4+ 34. Kf1 f6 35. Bd2 Nxb2 36. Ke2 f5 37. Bc1 Kf7 38. Kd2 Be5 39. g3 Bd4 40.
Kc2 Nxc4 41. Bxc4 Bg1 42. h3 h5 43. h4 Bf2 44. Bf4 Bc5 45. Kb3 Bf2 46. Bb5 Be1
47. Bd7 Bf2 48. Be6+ Ke8 49. Kc4 Be1 50. Kb5 Bf2 51. Kc6 Be1 52. Kb7 Bf2 53.
Kc8 Be1 54. Bg8 Bc3 55. Bg5 Be1 56. Bh7 Kf7 57. Kd7 Bxg3 58. Bxg6+ Kxg6 59.
Kxe7 1-0

[Event "C.to Europeo U16"]
[Site "Albena BUL"]
[Date "2011.09.15"]
[Round "5"]
[White "Boscolo, Federico"]
[Black "Kazakos, Emmanouil"]
[Result "1/2-1/2"]
[WhiteElo "2225"]
[BlackElo "2094"]
[PlyCount "120"]
[EventDate "2011.09.11"]

1. e4 c5 2. Nf3 d6 3. Bb5+ Nd7 4. d4 cxd4 5. Qxd4 e5 6. Qd3 Ngf6 7. Bg5 a6 8.
Bxd7+ Bxd7 9. Nc3 Be6 10. O-O h6 11. Bxf6 Qxf6 12. Nd5 Bxd5 13. Qxd5 Rb8 14.
Rad1 Be7 15. Nd2 O-O 16. Nc4 Rfd8 17. Ne3 Qe6 18. Qb3 Qxb3 19. axb3 Rbc8 20. c3
g6 21. Nd5 Bg5 22. Rd3 Kf8 23. Rfd1 Ke8 24. Kf1 Rc6 25. Ke2 Kd7 26. g3 Re8 27.
f3 Bd8 28. Ra1 Ke6 29. Rad1 f5 30. Ra1 Rf8 31. g4 fxe4 32. fxe4 Bg5 33. Rf1
Rxf1 34. Kxf1 Rc8 35. Rf3 Be7 36. Ke2 Rc5 37. Rf1 Rc8 38. Rf3 Rc5 39. h4 Rc8
40. h5 gxh5 41. gxh5 Bg5 42. Kd3 Rg8 43. Nc7+ Ke7 44. b4 Bf4 45. Nd5+ Ke6 46.
Nxf4+ exf4 47. Rxf4 Rg5 48. Rf8 Rxh5 49. Rb8 Rb5 50. Kd4 h5 51. Rh8 Kf6 52.
Rh6+ Kg7 53. Rxd6 h4 54. Ke3 h3 55. Rd2 Rh5 56. Rh2 Kf6 57. Kf4 Rh4+ 58. Kg3
Rh7 59. Kf4 Rh4+ 60. Kg3 Rh7 1/2-1/2

[Event "C.to Europeo U16"]
[Site "Albena BUL"]
[Date "2011.09.17"]
[Round "6"]
[White "McClement, Andrew"]
[Black "Boscolo, Federico"]
[Result "1/2-1/2"]
[WhiteElo "2088"]
[BlackElo "2225"]
[PlyCount "64"]
[EventDate "2011.09.11"]

1. e4 c5 2. Nf3 d6 3. d4 cxd4 4. Nxd4 Nf6 5. Nc3 g6 6. Be3 Bg7 7. f3 Nc6 8. Qd2
O-O 9. Bc4 Bd7 10. O-O-O Rb8 11. Bb3 Na5 12. Bh6 Bxh6 13. Qxh6 b5 14. h4 e5 15.
Nde2 b4 16. Nd5 Nxb3+ 17. axb3 Nxd5 18. Rxd5 Be6 19. h5 Qc7 20. hxg6 fxg6 21.
Rxd6 Rb6 22. Rd2 Bxb3 23. Kb1 Be6 24. Nc1 Ra6 25. Nb3 Rc8 26. g4 Rc6 27. Qh2 a5
28. Nc1 Rc5 29. Nd3 Rb5 30. f4 exf4 31. Nxf4 Rb6 32. Qh6 Qb7 1/2-1/2

[Event "C.to Europeo U16"]
[Site "Albena BUL"]
[Date "2011.09.18"]
[Round "7"]
[White "Boscolo, Federico"]
[Black "Thingstad, Anders"]
[Result "1-0"]
[WhiteElo "2225"]
[BlackElo "2068"]
[PlyCount "93"]
[EventDate "2011.09.11"]

1. e4 c6 2. d4 d5 3. Nc3 dxe4 4. Nxe4 Nd7 5. Bc4 Ngf6 6. Ng5 e6 7. Qe2 Nb6 8.
Bd3 h6 9. N5f3 c5 10. Be3 cxd4 11. Nxd4 Be7 12. Ngf3 O-O 13. O-O Nbd5 14. Bd2
Qc7 15. g3 a6 16. a3 b5 17. Rfe1 Bd6 18. Rad1 Re8 19. Ne5 Bb7 20. c4 Bxe5 21.
Qxe5 bxc4 22. Qxc7 Nxc7 23. Bxc4 Rac8 24. Bf1 Red8 25. Bc1 Ncd5 26. Nb3 Rd6 27.
Na5 Ba8 28. Bf4 Rb6 29. Be5 Nd7 30. Bd4 Rd6 31. Rc1 Rd8 32. Red1 f6 33. Nc4 Rc6
34. Na5 Rd6 35. b4 Nb8 36. Bc5 R6d7 37. Bh3 Kf7 38. Re1 f5 39. Nc4 Nc6 40. a4
Kf6 41. b5 axb5 42. axb5 Ncb4 43. Bd4+ Kg5 44. Ne5 Re7 45. Bg2 h5 46. h4+ Kh6
47. Bc5 1-0

[Event "C.to Europeo U16"]
[Site "Albena BUL"]
[Date "2011.09.19"]
[Round "8"]
[White "Berbatov, Kiprian"]
[Black "Boscolo, Federico"]
[Result "1-0"]
[WhiteElo "2474"]
[BlackElo "2225"]
[PlyCount "69"]
[EventDate "2011.09.11"]

1. e4 c5 2. Nf3 d6 3. d4 cxd4 4. Nxd4 Nf6 5. Nc3 g6 6. Be3 Bg7 7. f3 O-O 8. Qd2
Nc6 9. Bc4 Bd7 10. O-O-O Qc7 11. Bb3 Rfc8 12. h4 Na5 13. h5 Nxb3+ 14. axb3 Qa5
15. Kb1 Nxh5 16. Bh6 Bxh6 17. Qxh6 Rxc3 18. bxc3 Qxc3 19. e5 Rc8 20. Rd3 Qc5
21. g4 Qxe5 22. gxh5 g5 23. Rdd1 Qg7 24. Qxg7+ Kxg7 25. Rhe1 e5 26. Ne2 Rc6 27.
Ng3 f5 28. Rxe5 dxe5 29. Rxd7+ Kf6 30. Rxh7 e4 31. Rh6+ Ke5 32. Rxc6 bxc6 33.
h6 Kf4 34. Nf1 e3 35. Nxe3 1-0

[Event "C.to Europeo U16"]
[Site "Albena BUL"]
[Date "2011.09.20"]
[Round "9"]
[White "Boscolo, Federico"]
[Black "Manukyan, Sargis A."]
[Result "1-0"]
[WhiteElo "2225"]
[BlackElo "2102"]
[PlyCount "91"]
[EventDate "2011.09.11"]

1. e4 c5 2. Nf3 d6 3. Bb5+ Bd7 4. Bxd7+ Qxd7 5. O-O Nc6 6. Qe2 e6 7. Rd1 g6 8.
c3 Ne5 9. Nxe5 dxe5 10. d3 Bg7 11. Be3 b6 12. a4 Ne7 13. Nd2 Nc6 14. Nc4 O-O
15. Qc2 f5 16. f3 Rab8 17. a5 Rfd8 18. axb6 axb6 19. Bg5 Rf8 20. Qb3 b5 21. Na5
Nd8 22. Be3 Rc8 23. Qa3 Qc7 24. Nb3 b4 25. cxb4 cxb4 26. Qxb4 Rb8 27. Qa3 f4
28. Bf2 Qc2 29. Nd2 Qxb2 30. Qa6 Nf7 31. Nc4 Qe2 32. Rd2 Qxd2 33. Nxd2 Rfe8 34.
Nc4 Rbd8 35. Qb5 Rb8 36. Nb6 Red8 37. h4 h5 38. Ra7 Bf6 39. Rd7 Rxd7 40. Qxd7
Kg7 41. Qxe6 Bd8 42. Nd5 Rb1+ 43. Kh2 Rf1 44. Nxf4 exf4 45. Bd4+ Kf8 46. Qxg6
1-0